000
00316nam a2200133Ia 4500
008
191201s2005 xx 000 0 und d
100
_a
DEWETT, K K
245
0
_a
Modern Economic Theory
250
_a
21th
260
_a
N.Delhi
_b
Shyam Lal Charitable Trust
_c
2005
300
_a
741
650
_a
MBA
942
_2
ddc
_c
BK
999
_c
2380
_d
2380